000 00355nam a22001337a 4500
003 OSt
005 20151019105043.0
008 151019s2007 sp ||||| |||| 00| 0 cat d
040 _bcat
_cCPC Girona
245 _aGuia Judicial de Catalunya 2007
260 _aBarcelona
_bConsell de l'Advocacia de Catalunya
_c2007
300 _a2363p.
_c23 cm
942 _2udc
_cMON
999 _c6889
_d6889